Statistics for Body Part Idioms

Click here to take the quiz!

General Stats

  • This quiz has been taken 136 times
  • The average score is 21 of 24

Answer Stats

HintBody Part% Correct
I won't tell. My ____are sealed.Lips
98%
Chanel is expensive. This bag cost an ___and a___.Arm
97%
I gave him a pat on the ___for all his hard work.Back
97%
Leg
97%
I can't remember his name off the top of my___.Head
96%
I love candy because I have a sweet ____.Tooth
95%
My sister and I can never see ____to____on anything.Eye
94%
I told her to break a ___ before she went on stage for her first performance.Leg
94%
I cried my ___ out when he broke up with me.Heart / Eyes
93%
I was just pulling your___, I am not divorcing you!Leg
93%
I know he doesn't like me because he always gives me the cold____.Shoulder
93%
I had to bite my ____ when she claimed credit for my work.Tongue
93%
I told her to keep her ___ up and try out for the team again next year.Chin / Head
92%
Why don't you tell me? Has the cat got your____?Tongue
90%
I'm going to cross my ___and hope for the best.Fingers
88%
Good to see you. You are a sight for sore ___.Eyes
87%
I can play music by ___.Ear / Heart
84%
She is always complaining about me. She will not get off my___!Back
83%
She has cold___about getting married.Feet
81%
My uncle has a green____because he's a farmer.Thumb
75%
The business man seemed to have a _____in every pie.Finger
74%
You are not better than me, so don't look down your___at me.Nose
74%
Be careful what you say. Try not to put your___ in your___.Foot
68%
Be careful what you say. Try not to put your___ in your___.Mouth
67%

Score Distribution

Percentile by Number Answered

Percent of People with Each Score

Your Score History

You have not taken this quiz